<?xml version="1.0" encoding="UTF-8"?><?xml-stylesheet type="text/xsl" href="static/style.xsl"?><OAI-PMH xmlns="http://www.openarchives.org/OAI/2.0/" xmlns:xsi="http://www.w3.org/2001/XMLSchema-instance" xsi:schemaLocation="http://www.openarchives.org/OAI/2.0/ http://www.openarchives.org/OAI/2.0/OAI-PMH.xsd"><responseDate>2026-04-19T08:14:38Z</responseDate><request verb="GetRecord" identifier="oai:riubu.ubu.es:10259/10485" metadataPrefix="marc">https://riubu.ubu.es/oai/request</request><GetRecord><record><header><identifier>oai:riubu.ubu.es:10259/10485</identifier><datestamp>2025-05-21T00:05:17Z</datestamp><setSpec>com_10259_6171</setSpec><setSpec>com_10259_5086</setSpec><setSpec>com_10259_2604</setSpec><setSpec>col_10259_6172</setSpec></header><metadata><record xmlns="http://www.loc.gov/MARC21/slim" xmlns:doc="http://www.lyncode.com/xoai" xmlns:xsi="http://www.w3.org/2001/XMLSchema-instance" xmlns:dcterms="http://purl.org/dc/terms/" xsi:schemaLocation="http://www.loc.gov/MARC21/slim http://www.loc.gov/standards/marcxml/schema/MARC21slim.xsd">
<leader>00925njm 22002777a 4500</leader>
<datafield tag="042" ind1=" " ind2=" ">
<subfield code="a">dc</subfield>
</datafield>
<datafield tag="720" ind1=" " ind2=" ">
<subfield code="a">Manso Morato, Javier</subfield>
<subfield code="e">author</subfield>
</datafield>
<datafield tag="720" ind1=" " ind2=" ">
<subfield code="a">Hurtado Alonso, Nerea</subfield>
<subfield code="e">author</subfield>
</datafield>
<datafield tag="720" ind1=" " ind2=" ">
<subfield code="a">Skaf Revenga, Marta</subfield>
<subfield code="e">author</subfield>
</datafield>
<datafield tag="720" ind1=" " ind2=" ">
<subfield code="a">Revilla Cuesta, Víctor</subfield>
<subfield code="e">author</subfield>
</datafield>
<datafield tag="720" ind1=" " ind2=" ">
<subfield code="a">Ortega López, Vanesa</subfield>
<subfield code="e">author</subfield>
</datafield>
<datafield tag="260" ind1=" " ind2=" ">
<subfield code="c">2025-08</subfield>
</datafield>
<datafield tag="520" ind1=" " ind2=" ">
<subfield code="a">Europe is among the most important wind-energy producers in the world, yet a commonly accepted solution is to be found towards Wind Turbine Blade Waste (WTBW) from wind turbine blades at the end of their lifespan. In this research, Life Cycle Assessment (LCA), regarding Global Warming Potential (GWP) and Abiotic Depletion Potential for fossil fuels (ADPf), was first used to study landfilling, incineration and mechanical recycling of WTBW. Mechanical recycling was highlighted as the best option, as incineration showed higher impacts (x4.5 GWP, x1.2 ADPf) and landfilling is forbidden by the European Union. Afterwards, WTBW management was combined with concrete production by considering both incineration and mechanical recycling, WTBW being used as aggregate replacement (2%, 5%, and 10% vol.) to create fiber-reinforced concrete. Mechanical recycling of WTBW always yielded lower results (-28.3% GWP, -5.9% ADPf), even when including larger transportation impacts in a real case in Castilla y León (-28.0% for GWP, -5.4% for ADPf), a region in Spain among the top producers of WTBW in Europe in the next 5-10 years, which is in need for a recycling strategy to follow. Lastly, four mechanical recycling plants would be needed in Castilla y León to minimize WTBW transportation impacts, thus the average environmental damage being reduced by 0.2% GWP and 0.3% ADPf per cubic meter of ready-to-cast concrete. These key findings emphasize the benefits of mechanically recycling WTBW and its potential when combined with concrete production through LCA, yielding promising results that can be implemented in different regions around the world.</subfield>
</datafield>
<datafield tag="024" ind2=" " ind1="8">
<subfield code="a">0195-9255</subfield>
</datafield>
<datafield tag="024" ind2=" " ind1="8">
<subfield code="a">http://hdl.handle.net/10259/10485</subfield>
</datafield>
<datafield tag="024" ind2=" " ind1="8">
<subfield code="a">10.1016/j.eiar.2025.107992</subfield>
</datafield>
<datafield ind1=" " ind2=" " tag="653">
<subfield code="a">Wind turbine blade waste</subfield>
</datafield>
<datafield ind1=" " ind2=" " tag="653">
<subfield code="a">Life cycle assessment</subfield>
</datafield>
<datafield ind1=" " ind2=" " tag="653">
<subfield code="a">Concrete</subfield>
</datafield>
<datafield ind1=" " ind2=" " tag="653">
<subfield code="a">Spain</subfield>
</datafield>
<datafield ind1=" " ind2=" " tag="653">
<subfield code="a">Optimization</subfield>
</datafield>
<datafield tag="245" ind1="0" ind2="0">
<subfield code="a">Life cycle assessment of concrete with wind turbine blade waste: A real case study</subfield>
</datafield>
</record></metadata></record></GetRecord></OAI-PMH>